Statistieken voor Zweden Trivia Quiz

Klik hier om de quiz te nemen!

Algemene statistieken

  • Deze quiz is 80 keer genomen
  • De gemiddelde score is 14 van 21

Antwoordstatistieken

HintAntwoord% Correct
HoofdstadStockholm
98%
Grote meubelverkoperIKEA
97%
Regio die Zweden,
Noorwegen en Denemarken omvat
Scandinavië
92%
Internationale prijs voor natuurkunde, literatuur, geneeskunde, enz ...{Nobel}prijs
92%
De bestverkochte popgroep van Zweden aller tijdenABBA
89%
ValutaKroon
87%
Grote stad vlakbij DenemarkenMalmö
82%
Grootste automerkenVolvo
80%
Zweeds for "Zweden"Sverige
74%
Blonde tennisser die 5 opeenvolgende Wimbledons wonBjörn Borg
74%
Achternaam van actrice Ingrid en regisseur Ingmar (geen familie)Bergman
67%
Grootste automerkenSaab
62%
Op één na grootste stadGöteborg
61%
Type vis dat gewoonlijk wordt gepekeldHaring
61%
De Kerk van Zweden maakt deel uit van deze protestantse tak{Luther}anisme
51%
Golf tussen Zweden en Finland{Botni}sche Golf
46%
Grootste eilandGotland
43%
Meest bekende vodka merkAbsolut
34%
Brug die bovenstaande met Kopenhagen verbindtØresund Brug
33%
Boekenserie met Lisbeth SalanderMillennium
33%
Feestdag geviert elke 13 december{Lucia}feest
28%

Scoreverdeling

Percentiel versus Aantal Correcte Antwoorden

Procent van Mensen met Elke Score

Uw Scoregeschiedenis

U heeft deze quiz nog niet genomen